000 00328nam a2200121 a 4500
008 110519s1960|||| d
245 1 0 _aZelenina a ovocie v našej kuchyni
_b463 osvedčených predpisov
260 _bOsveta
_aBratislava
_c1960
020 _c16,70
044 _axo
_cSK
041 _aslo
100 1 _aGordan, Jozef
999 _c19722
_d19722